| 000 | 00570nam a2200205Ia 4500 | ||
|---|---|---|---|
| 005 | 20240212112441.0 | ||
| 008 | 131103s9999 xx 000 0 und d | ||
| 040 | _aLoreto College | ||
| 041 | _aEnglish | ||
| 082 |
_a370.9 _bEBY |
||
| 100 | _aEby,Frederick | ||
| 245 | 4 |
_aThe Development of Modern Education, _b _cFrederick Eby |
|
| 250 | _ain theory,organisation and preface | ||
| 260 |
_aNew Delhi _bPrentice - Hall of India _c1952 |
||
| 300 | _aix,719 p. | ||
| 504 | _aIncludes index | ||
| 650 | _aEducation - History | ||
| 850 | _aLCLIB | ||
| 942 | _cBK | ||
| 999 |
_c11014 _d61493 |
||